All Goalies of Atlanta Thrashers - Statistics

General Stats
  • This quiz has been taken 12 times
  • The average score is 6 of 18
Answer Stats
Years Nationality Answer GP % Correct
2003-2009 FIN Kari Lehtonen 204
82%
2010-2011 CAN Chris Mason 33
64%
2007-2011 CZE Ondřej Pavelec 119
64%
1999-2002 USA Damian Rhodes 81
55%
2006-2010 SWE Johan Hedberg 116
55%
2002-2004 GBR Byron Dafoe 35
36%
1999-2002 CAN Norm Maracle 46
36%
2001-2004 FIN Pasi Nurminen 125
36%
2000-2003 CZE Milan Hnilička 117
27%
1999-2000 CAN Rick Tabaracci 1
27%
2005-2006 CAN Michael Garnett 24
18%
2005-2006 USA Mike Dunham 17
18%
2010-2011 USA Peter Mannino 2
18%
2005-2006 CAN Steve Shields 5
18%
2005-2006 USA Adam Berkhoel 9
9%
2001-2003 CAN Frédéric Cassivi 8
9%
1999-2001 USA Scott Fankhouser 23
9%
1999-2000 CAN Scott Langkow 15
9%
No matching quizzes found
Score Distribution
Percent of People with Each Score
Percentile by Number Answered
Your Score History
You have not taken this quiz